JLS song by emojis - Statistics

General Stats
  • This quiz has been taken 55 times
  • The average score is 5 of 10
Answer Stats
Picture Answer % Correct
One shot
95%
Love you more
72%
Postcard
72%
Crazy for you
67%
Beat again
63%
Eyes wide shut
58%
Eternal love
51%
Teach me how to dance
28%
Heal this heartbreak
19%
That’s my girl
12%
No matching quizzes found
Score Distribution
Percent of People with Each Score
Percentile by Number Answered
Your Score History
You have not taken this quiz